000 00613nam a22002177a 4500
999 _c4834
_d4834
001 4834
003 BD-JhCC
005 20180524104015.0
008 171204b1973 ii ||||| ||a| 000 0 eng d
035 _a(BD-JhCC)4834
040 _aBD-JhCC
_dBD-JhCC
041 _aeng
082 _a954
_bAUG 1973
100 _aAugustus, Frederick
245 _aThe Emperor Akbar :
_ba contribution towards the history of India in the 16th Century /
_cFrederick Augustus
260 _aIndia :
_bAcademica Asiatica,
_c1973.
300 _a348 p. :
_c22 cm.
650 _aMagul Empire
_zIndia
942 _2ddc
_cBK